000 00292nam a22001337a 4500
008 181031b xxu||||| |||| 00| 0 eng d
020 _a0814102891
041 _aeng
080 _a371
100 _a46
101 _aEDU
245 _aBeyond the "SP" Label
_cAlexander,P.J
942 _2udc
_cBK
999 _c51267
_d51267